exile lyrics - Statistics

General Stats
  • This quiz has been taken 207 times
  • The average score is 391 of 447
Answer Stats
Lyrics % Correct
a
99%
exile,
99%
I
99%
(I
99%
see
99%
this
99%
you
99%
You
99%
(You
99%
And
98%
and
98%
before
98%
before,
98%
didn't
98%
(Didn't
98%
film
98%
I'm
98%
I've
98%
like
98%
Like
98%
no
98%
not
98%
seen
98%
thin
98%
think
98%
ending
97%
in
97%
the
97%
your
97%
anymore,
96%
can
96%
so
96%
So
96%
(So
96%
You're
96%
my
94%
now?
94%
now
94%
out
94%
out,
94%
out)
94%
to
94%
who
94%
am
93%
honey,
92%
all
91%
All
91%
hear
91%
standing,
91%
we
91%
what
91%
me
90%
with
90%
for
89%
were
89%
arms
88%
around
88%
around)
88%
body
88%
defending
88%
homeland
88%
it
88%
at
87%
but
87%
do
87%
his
87%
seein'
87%
funny
86%
is
84%
jokes
84%
leavin'
84%
of
84%
time,
84%
time
84%
five
83%
Laughin'
83%
took
83%
minutes
82%
right
82%
starin'
82%
there
82%
even
81%
gave
81%
leave
81%
many
81%
sign
81%
sign)
81%
step
81%
town,
81%
understudy
81%
whole
81%
door
80%
never
80%
(Never
80%
problem
80%
side
80%
signs)
80%
signs,
80%
signs
80%
just
79%
amount
78%
get
78%
bloody
77%
he's
77%
crying
76%
warning
76%
you'd
74%
knuckles
73%
line
73%
mind
73%
mind)
73%
crown,
72%
always
71%
read
71%
very
71%
on
70%
pack
70%
up
70%
walked
70%
here
69%
us
68%
learned
67%
chances
66%
love
66%
things
64%
turn
64%
Second,
63%
couldn't
62%
offending
62%
turned
61%
third,
59%
eyes
56%
hall
56%
injury
56%
breaking
54%
add
53%
Those
53%
'Cause
50%
insult
49%
branches
47%
Holdin'
47%
hundredth
47%
Balancin'
23%
No matching quizzes found
Score Distribution
Percent of People with Each Score
Percentile by Number Answered
Your Score History
You have not taken this quiz